Súčasné trendy vývoja Corporate Culture ( možnosť aplikácie na podmienky konkrétneho podnikateľského subjektu-tov) diplomová práca

Salvato in:
Dettagli Bibliografici
Autore principale: Moravanská, Jana
Ente Autore: Obchodná fakulta EU. Katedra medzinárodného obchodu
Altri autori: Zorkóciová, Otília, 1954-
Natura: Libro
Lingua:slovacco
Pubblicazione: Bratislava 2017
Tags: Aggiungi Tag
Nessun Tag, puoi essere il primo ad aggiungerne!!

MARC

LEADER 00000nbm a2200000 4500
001 0230775
005 20170927113156.8
041 0 |a slo 
044 |a SK 
245 1 0 |a Súčasné trendy vývoja Corporate Culture ( možnosť aplikácie na podmienky konkrétneho podnikateľského subjektu-tov)  |b diplomová práca  |c Jana Moravanská ; školiteľ: Otília Zorkóciová 
264 1 |a Bratislava  |c 2017 
300 |a 66 s. 
100 1 |a Moravanská, Jana 
700 1 |a Zorkóciová, Otília, 1954- 
710 2 |a Obchodná fakulta EU. Katedra medzinárodného obchodu